1162 1736 1168 1853 1234 1824 1557 1205 1788 1845 1161 1293 1520 1827 1821 1599 1503 1732 1073 1467 1373 1104 1866 1893 1542 1934 1061 1040 1728 1076 1316 1532 1010 1491 1849 1392 1249 1151 1805 1769 1782 1049 1930 1424 1958 1205 1177 1094 1002 1271 1544 1073 1158 1908 1269 1310 1379 1895 1451 1966 1821 1684 1910 1185 1364 1763 1119 1702 1060 1242 1286 1381 1913 1974 1595 1772 1111 1413 1233 1933 1054 1506 1531 1452 1817 1921 1246 1768 1578 1522 1682 1588 1750 1814 1600 1581 1441 1828 1295 BCNSPRNW ULIB Ver.6.0+V

เปลี่ยนเป็นภาษาไทย

Change to English
 แสดงรายละเอียดบรรณานุกรม
  กลับหน้าหลัก

Brief Record : Get Marc (ISO 2709) : E-mail record : QR code < ปิดหน้าต่าง
LEADER : 00000nam 2200000uu 4500
001    13399121338
003     ULIB
008    121115s2550||||th 000 0 tha d
020    ^a9748821412
020    ^a9789748821412
050  4 ^aT385^bอ875ท
100 0  ^aเอกเทพ ภักดีศิริมงคล
245 10 ^aคู่มือทางลัดถ่ายภาพสวย กล้องดิจิตอล/^cเอกเทพ ภักดีศิริมงคล
250    ^aพิมพ์ครั้งที่ 1
260    ^aกรุงเทพฯ :^bสวัสดี ไอที,^c2550
300    ^a239 หน้า :^bภาพประกอบ
650  7 ^aการถ่ายภาพ
650  7 ^aการประมวลผลภาพ^xเทคนิคดิจิตอล
650  7 ^aกล้องถ่ายรูปดิจิตอล
945    ^p129^l0^i16138
995    ^aวิภา
999 ^a ทศพร
รายการนี้ยังไม่มีแท็ก
คุณยังไม่ได้ล็อกอิน คุณสามารถมีกิจกรรมร่วมกับเว็บไซต์ได้ แต่ต้องล็อกอินก่อน ::
  ล็อกอิน

รายการสื่อสารสนเทศ

ลำดับที่ ประเภท เลขเรียก/บาร์โค้ด สถานที่ สถานะ
1. วิทยาศาสตร์การแพทย์ และสุขภาพ
วิทยาศาสตร์การแพทย์ และสุขภาพ
T385 อ875ท  
  Barcode: 16138
ห้องสมุดวิทยาเขตสวรรค์ประชารักษ์
►หนังสือทั่วไป
บนชั้น

รายการใกล้เคียง
    ผู้แต่ง [เอกเทพ ภักดีศิริมงคล]

    หัวเรื่อง [การถ่ายภาพ]
    หัวเรื่อง [กล้องถ่ายรูปดิจิตอล]

BibComment


ยังไม่เคยถูกคอมเมนท์

คอมเมนท์ทรัพยากรรายการนี้
  คอมเมนท์: คู่มือทางลัดถ่าย..


 Copyright 2026. Bcnsprnw @Library